| 000 | 00554nam a22001817a 4500 | ||
|---|---|---|---|
| 003 | OSt | ||
| 005 | 20140310182454.0 | ||
| 008 | 130806t xxu||||| |||| 00| 0 eng d | ||
| 020 | _a9715844251 | ||
| 050 |
_aRA 1057 _b.F715 2005 |
||
| 110 |
_aThe Forensic Chemistry Faculty Natural Science Department, University of Iloilo _98282 |
||
| 245 |
_aForensic chemistry : _blaboratory manual / |
||
| 260 |
_aQuezon City, Philippines : _bC & E Publishing Inc., _cc2005. |
||
| 300 |
_a58 p. _c26 cm. |
||
| 541 | _j1 | ||
| 562 | _e14 | ||
| 942 |
_2lcc _cSSLC |
||
| 999 |
_c13714 _d13714 |
||